00000000nam 2200000zi 4500
0019.934419
003CaOODSP
00520250424133332
006m     o  d f      
007cr mn|||||||||
008240223t20242024qucd    obs  f000 0 fre d
020 |a9780660704401
040 |aCaOODSP|bfre|erda|cCaOODSP
043 |an-cn---
045 |ax9y2
0861 |aEn4-144/18-2024F-PDF
24500|aIndicateurs canadiens de durabilité de l'environnement : |bémissions de gaz à effet de serre.
24630|aÉmissions de gaz à effet de serre
250 |a[Édition de 2024].
264 1|aGatineau QC : |bEnvironnement et changement climatique Canada = Environment and Climate Change Canada, |cmai 2024.
264 4|c©2024
300 |a1 ressource en ligne (30 pages) : |bgraphiques
336 |atexte|btxt|2rdacontent/fre
337 |ainformatique|bc|2rdamedia/fre
338 |aressource en ligne|bcr|2rdacarrier/fre
500 |aTitre de la couverture.
500 |aPublié aussi en anglais sous le titre : Canadian environmental sustainability indicators : greenhouse gas emissions.
504 |aComprend des références bibliographiques (page 20).
520 |a« Le changement climatique est un des enjeux environnementaux les plus importants de notre temps. Le changement climatique est causé par l'augmentation de la concentration des gaz à effet de serre (GES) dans l'atmosphère. Cette augmentation est principalement causée par les émissions de GES liées aux activités humaines telles que l'utilisation des combustibles fossiles. Ce changement du climat a des incidences sur l'environnement, la santé humaine et l'économie. Ces indicateurs font état des estimations des émissions des gaz à effet de serre du Canada » -- Page 5.
650 6|aGaz à effet de serre|xAspect de l'environnement|zCanada|vStatistiques.
650 6|aIndicateurs écologiques|zCanada.
655 7|aStatistiques|2rvmgf
7101 |aCanada. |bEnvironnement et changement climatique Canada, |eorganisme de publication.
77508|tCanadian environmental sustainability indicators : |w(CaOODSP)9.934418
794 |tIndicateurs canadiens de durabilité de l'environnement : |b[Édition de 2025]|w(CaOODSP)9.947159
795 |tIndicateurs canadiens de durabilité de l'environnement : |b2023|w(CaOODSP)9.921199
85640|qPDF|s1.30 Mo|uhttps://publications.gc.ca/collections/collection_2024/eccc/En4-144-18-2024-fra.pdf
8564 |qHTML|sS.O.|uhttps://www.canada.ca/fr/environnement-changement-climatique/services/indicateurs-environnementaux/emissions-gaz-effet-serre.html
986 |aEC24019